000 00687cam a2200205 4500
001 J109787
008 000000n2000 000 0 eng u
035 _a(Sirsi) u109787
050 _a333.0062
110 _aRoyal Institution of Chartered Surveyors
_94900
245 _aRICS agenda 2000-2001
260 _aLondon
_bRICS
_c2000
300 _a1 folded sheet. ; 30cm.
520 _aA progress report of the RICS Agenda for Change sent to all members July 2000. Includes key events and activities for July 2000 to June 2001 and milestones from January to June 2000.
650 _aAGENDA FOR CHANGE
650 _aRICS
650 _aSURVEYING
690 _aRICS NEWS
942 _n0
999 _c100983
_d100983